An extraordinary life : (Record no. 3204)

MARC details
000 -LEADER
fixed length control field 01230cam a2200325 a 4500
001 - CONTROL NUMBER
control field 3204
003 - CONTROL NUMBER IDENTIFIER
control field FISKH
005 - DATE AND TIME OF LATEST TRANSACTION
control field 20250815120544.0
008 - FIXED-LENGTH DATA ELEMENTS--GENERAL INFORMATION
fixed length control field 960624s1997 nyuab c b 001 0 eng
010 ## - LIBRARY OF CONGRESS CONTROL NUMBER
LC control number 96031482
020 ## - INTERNATIONAL STANDARD BOOK NUMBER
International Standard Book Number 0531300021
020 ## - INTERNATIONAL STANDARD BOOK NUMBER
International Standard Book Number 0531330028 (lib. bdg.)
040 ## - CATALOGING SOURCE
Original cataloging agency DLC
Transcribing agency DLC
Modifying agency DLC
Language of cataloging eng
042 ## - AUTHENTICATION CODE
Authentication code lcac
050 00 - LIBRARY OF CONGRESS CALL NUMBER
Classification number QL561.D3
Item number P75 1997
082 00 - DEWEY DECIMAL CLASSIFICATION NUMBER
Classification number 595.78/9
Edition number 20
100 1# - MAIN ENTRY--PERSONAL NAME
Personal name Pringle, Laurence,
Dates associated with a name 1935-
245 13 - TITLE STATEMENT
Title An extraordinary life :
Remainder of title the story of a monarch butterfly /
Statement of responsibility, etc. by Laurence Pringle ; paintings by Bob Marstall.
250 ## - EDITION STATEMENT
Edition statement First Scholastic printing, March 2001
260 ## - PUBLICATION, DISTRIBUTION, ETC.
Place of publication, distribution, etc. New York :
Name of publisher, distributor, etc. Scholastic,
Date of publication, distribution, etc. 1997
300 ## - PHYSICAL DESCRIPTION
Extent 64 pages :
Other physical details color map ; color illustrations ;
Dimensions 28 cm
504 ## - BIBLIOGRAPHY, ETC. NOTE
Bibliography, etc. note Includes bibliographical references (p. 62-63) and index.
520 ## - SUMMARY, ETC.
Summary, etc. Introduces the life cycle, feeding habits, migration, predators, and mating of the monarch butterfly through the observation of one particular monarch named Danaus.
650 #0 - SUBJECT ADDED ENTRY--TOPICAL TERM
Topical term or geographic name entry element Monarch butterfly
General subdivision Juvenile literature.
650 #1 - SUBJECT ADDED ENTRY--TOPICAL TERM
Topical term or geographic name entry element Monarch butterfly.
650 #1 - SUBJECT ADDED ENTRY--TOPICAL TERM
Topical term or geographic name entry element Butterflies.
700 1# - ADDED ENTRY--PERSONAL NAME
Personal name Marstall, Bob,
Relator term illustrator
906 ## - LOCAL DATA ELEMENT F, LDF (RLIN)
a 7
b cbc
c orignew
d 1
e ocip
f 19
g y-gencatlg
942 ## - ADDED ENTRY ELEMENTS (KOHA)
Source of classification or shelving scheme Dewey Decimal Classification
Koha item type Books
Suppress in OPAC No
Holdings
Withdrawn status Lost status Source of classification or shelving scheme Damaged status Not for loan Collection Home library Current library Shelving location Date acquired Total Checkouts Full call number Barcode Date last seen Copy number Price effective from Koha item type
    Dewey Decimal Classification     Non-Fiction Footprints International School Library Network Toul Kork Campus Footprints International School Library Network Toul Kork Campus A TK Campus, 4th Floor, Room B401, Non-Fiction Bookcases(7-8) 04/22/2025   PRI 595.78 QL561.D3 FISTK02578 04/22/2025 5 04/22/2025 Books
    Dewey Decimal Classification     Non-Fiction Footprints International School Library Network Toul Tom Poung Campus Footprints International School Library Network Toul Tom Poung Campus TTP Secondary Non-Fiction Bookshelves 02/19/2024   PRI 595.78 QL561.D3 FISSE00299 02/19/2024 1 02/19/2024 Books
    Dewey Decimal Classification     Non-Fiction Footprints International School Library Network Toul Tom Poung Campus Footprints International School Library Network Toul Tom Poung Campus TTP Secondary Non-Fiction Bookshelves 02/19/2024   PRI 595.78 QL561.D3 FISSE00301 02/19/2024 2 02/19/2024 Books
    Dewey Decimal Classification     Non-Fiction Footprints International School Library Network Toul Tom Poung Campus Footprints International School Library Network Toul Tom Poung Campus TTP Secondary Non-Fiction Bookshelves 02/19/2024   PRI 595.78 QL561.D3 FIS04689 01/15/2025 3 02/19/2024 Books
    Dewey Decimal Classification     Non-Fiction Footprints International School Library Network Toul Tom Poung Campus Footprints International School Library Network Toul Tom Poung Campus TTP Secondary Non-Fiction Bookshelves 02/19/2024   PRI 595.78 QL561.D3 FIS04936 01/20/2025 4 02/19/2024 Books
    Dewey Decimal Classification     Non-Fiction Footprints International School Library Network Toul Tom Poung Campus Footprints International School Library Network Toul Tom Poung Campus TTP Secondary Non-Fiction Bookshelves 04/24/2025   PRI 595.78 QL561.D3 FISSE00297 04/24/2025 6 04/24/2025 Books
    Dewey Decimal Classification     Non-Fiction Footprints International School Library Network Toul Tom Poung Campus Footprints International School Library Network Toul Tom Poung Campus TTP Secondary Non-Fiction Bookshelves 04/24/2025   PRI 595.78 QL561.D3 FISSE00298 04/24/2025 7 04/24/2025 Books
    Dewey Decimal Classification     Non-Fiction Footprints International School Library Network Toul Tom Poung Campus Footprints International School Library Network Toul Tom Poung Campus TTP Secondary Non-Fiction Bookshelves 04/24/2025   PRI 595.78 QL561.D3 FISSE00300 04/24/2025 8 04/24/2025 Books
    Dewey Decimal Classification     Non-Fiction Footprints International School Library Network Toul Tom Poung Campus Footprints International School Library Network Toul Tom Poung Campus TTP Secondary Non-Fiction Bookshelves 07/24/2025   PRI 595.78 QL561.D3 FISO5299 07/24/2025 9 07/24/2025 Books
    Dewey Decimal Classification     Non-Fiction Footprints International School Library Network Toul Tom Poung Campus Footprints International School Library Network Toul Tom Poung Campus TTP Secondary Non-Fiction Bookshelves 08/15/2025   PRI 595.78 QL561.D3 FISTK03998 08/15/2025 10 08/15/2025 Books